Sports Quiz

Random Sports or NCAA Quiz

Heisman Winners on a Map Quiz Stats

 Plays Quiz not verified by Sporcle

Score 0/40 Timer 08:00
0 Plays Today
% Correct
Winston +2,
FSU
85.5%
Flutie, BC
81.5%
B. Jackson +2, Auburn
81.5%
Mariota, Oregon
80.9%
Griffin, Baylor
80.3%
Howard +2,
Michigan
80.3%
H. Walker +1, Georgia
79.8%
Ingram +1,
Alabama
79.8%
Allen +5, USC
76.9%
Sanders, Oklahoma St.
76.9%
L. Jackson, Louisville
76.9%
Testaverde +1, Miami
75.1%
Manziel +1,
Texas A&M
74.6%
George +6, OSU
72.8%
Detmer, BYU
72.8%
Salaam, Colorado
69.9%
Dayne +1,
Wisconsin
69.9%
Spurrier +2, Florida
69.9%
Staubach +1, Navy
68.8%
Brown
+6,
Notre
Dame
65.3%
% Correct
Plunkett, Stanford
64.7%
Campbell +1, Texas
64.2%
Dorsett, Pitt
61.8%
E. Davis, Syracuse
60.1%
Ware, Houston
60.1%
Sims +6, Oklahoma
59.5%
Rozier +2, Nebraska
54.9%
Rogers, S. Carolina
48.6%
Cappelletti,
Penn St.
45.7%
Kinnick, Iowa
43.4%
O'Brien, TCU
39.9%
Cannon, LSU
35.8%
Berwanger,
Chicago
35.3%
D. Walker, SMU
34.7%
Baker, Oregon St.
33.5%
G. Davis +2, Army
33.5%
Beban, UCLA
24.9%
Kazmaier, Princeton
22.5%
Smith, Minnesota
22.5%
Kelley +1, Yale
20.2%

You're not logged in!

Compare scores with friends on all Sporcle quizzes.
OR
Log In

Sporcle TV

Today on Sporcle TV


Watch our educational content, quiz creation guides, and fun videos on Sporcle TV.

Show Comments

Extras

Top Quizzes Today


Score Distribution

Your Account Isn't Verified!

In order to create a playlist on Sporcle, you need to verify the email address you used during registration. Go to your Sporcle Settings to finish the process.

Report this User

Report this user for behavior that violates our Community Guidelines.

Details: